Sesión solemne de reinstalación y apertura de curso celebrada en la noche del 20 de octubre de 1878 / (Record no. 169996)

MARC details
000 -LEADER
campo de control de longitud fija 00528nam a22001455i 4500
001 - NÚMERO DE CONTROL
campo de control 169996
003 - IDENTIFICADOR DE NÚMERO DE CONTROL
campo de control ES-MaACL
005 - FECHA Y HORA DE LA ÚLTIMA TRANSACCIÓN
campo de control 20230906214249.0
008 - DATOS DE LONGITUD FIJA--INFORMACIÓN GENERAL
campo de control de longitud fija 090109s1878 sp |||| | spa d
110 2# - ENTRADA PRINCIPAL--NOMBRE DE ENTIDAD CORPORATIVA
Nombre de entidad corporativa o nombre de jurisdicción como elemento de entrada Ateneo-Casino Obrero de Valencia.
9 (RLIN) 134159
245 10 - MENCIÓN DEL TÍTULO
Título Sesión solemne de reinstalación y apertura de curso celebrada en la noche del 20 de octubre de 1878 /
Mención de responsabilidad, etc. Ateneo-Casino Obrero de Valencia.
260 ## - PUBLICACIÓN, DISTRIBUCIÓN, ETC.
Lugar de publicación, distribución, etc. Valencia :
Nombre del editor, distribuidor, etc. [s.n.],
Fecha de publicación, distribución, etc. 1878 (
Fabricante Imp. de M. Alufre)
300 ## - DESCRIPCIÓN FÍSICA
Extensión 28 p. ;
Dimensiones 20 cm.
852 ## - LOCALIZACIÓN
Ubicación ES-MaACL
Número de control de estantería T-308-F-8
Holdings
Estatus retirado Estado de pérdida Estado de daño No para préstamo Colección Biblioteca de origen Biblioteca actual Ubicación en estantería Fecha de adquisición Fuente de adquisición Total de préstamos Signatura topográfica completa Código de barras Visto por última vez Precio de reemplazo Tipo de ítem Koha
        Colección de folletos Biblioteca del Ateneo de Madrid Biblioteca del Ateneo de Madrid Depósito folletos 09/01/2009     T-308-F-8 1178484 23/02/2023 23/02/2023 Folleto